1556 1091 1375 1794 1037 1274 1340 1329 1539 1106 1066 1260 1403 1691 1587 1423 1751 1184 1808 1040 1487 1358 1093 1350 1064 1962 1248 1864 1970 1038 1150 1700 1977 1028 1863 1629 1382 1176 1675 1107 1983 1871 1290 1882 1288 1817 1382 1340 1401 1141 1437 1613 1758 1295 1316 1171 1471 1530 1776 1021 1331 1502 1354 1070 1212 1019 1984 1469 1423 1174 1167 1038 1387 1399 1979 1226 1258 1022 1572 1368 1306 1433 1020 1031 1667 1182 1551 1472 1788 1100 1291 1075 1056 1162 1191 1412 1920 1787 1747 BCNSPRNW ULIB Ver.6.0+V

เปลี่ยนเป็นภาษาไทย

Change to English
 แสดงรายละเอียดบรรณานุกรม
  กลับหน้าหลัก

Brief Record : Get Marc (ISO 2709) : E-mail record : QR code < ปิดหน้าต่าง
LEADER : 00000nam 2200000uu 4500
001    13399124031
003     ULIB
008    141226s2553||||th 000 0 tha d
020    ^a9789990008197
060 04 ^aWO100^bศ338ว
245 00 ^aศัลยศาสตร์วิวัฒน์ 38 เล่ม 2=^bBasic science in surgery Volume 2/^cบรรณาธิการ, พรชัย โอเจริญรัตน์, วิทูร ชินสว่างวัฒนรัตน์กุล, วีรพัฒน์ สุวรรณธรรมา, กวีศีกดิ์ จิตตวัฒนรัตน์, สุขไชย สาทถาพร และมาวิน วงศ์สายสุวรรณ
246 31 ^aUpdate in colorectal surgery 2010
250    ^aพิมพ์ครั้งที่ 1
260    ^aกรุงเทพฯ :^bกรุงเทพเวชสาร,^c2553
300    ^a552 หน้า :^bภาพประกอบ
520    ^aหนังสือเล่มนี้เสนอเนื้อหาเกี่ยวกับความรู้ทางด้านศัลยศาสตร์ อาทิเช่น ฝีคัณฑสูตร การส่องกล้องตรวจลำไส้ใหญ่ ภาวะที่ไม่สามารถควบคุมการกลั้นอุจจาระได้ติดต่อกันนานกว่า 1 เดือนในคนที่อายุมากกว่า 4 ปี การรักษาริดสีดวงทวารหนัก การรักษากลุ่มอาการปวดเรื้อรัง การรักษาท้องผูกเรื้อรัง เป็นต้น
650  7 ^aศัลยศาสตร์
700 0  ^aพรชัย โอเจริญรัตน์,^eบรรณาธิการ
700 0  ^aวิทูร ชินสว่างวัฒนรัตน์กุล,^eบรรณาธิการ
700 0  ^aวีรพัฒน์ สุวรรณธรรมา,^eบรรณาธิการ
700 0  ^a กวีศีกดิ์ จิตตวัฒนรัตน์
700 0  ^a สุขไชย สาทถาพร
700  0 ^a มาวิน วงศ์สายสุวรรณ
945    ^p500^l0^i037791
945    ^p500^l0^i037792
945    ^p500^l0^i037793
945    ^p500^l0^i037794
945    ^p500^l0^i037795
945    ^p500^l0^i037796
945    ^p500^l0^i037797
999    ^aเกษร โพธิ์สุวรรณ
รายการนี้ยังไม่มีแท็ก
คุณยังไม่ได้ล็อกอิน คุณสามารถมีกิจกรรมร่วมกับเว็บไซต์ได้ แต่ต้องล็อกอินก่อน ::
  ล็อกอิน

รายการสื่อสารสนเทศ

ลำดับที่ ประเภท เลขเรียก/บาร์โค้ด สถานที่ สถานะ
1. วิทยาศาสตร์การแพทย์ และสุขภาพ
หนังสือสำรอง
สถานะ=หนังสือสำรอง
WO100 ศ338ว ฉ.1 
  Barcode: 037791
ห้องสมุดวิทยาเขตสวรรค์ประชารักษ์
►ส่วนจัดเก็บหนังสือเก่า สปร
บนชั้น
  ขอยืม
2. วิทยาศาสตร์การแพทย์ และสุขภาพ
วิทยาศาสตร์การแพทย์ และสุขภาพ
WO100 ศ338ว ฉ.2 
  Barcode: 037792
ห้องสมุดวิทยาเขตสวรรค์ประชารักษ์
►ส่วนจัดเก็บหนังสือเก่า สปร
บนชั้น
  ขอยืม
3. วิทยาศาสตร์การแพทย์ และสุขภาพ
วิทยาศาสตร์การแพทย์ และสุขภาพ
WO100 ศ338ว ฉ.3 
  Barcode: 037793
ห้องสมุดวิทยาเขตสวรรค์ประชารักษ์
►ส่วนจัดเก็บหนังสือเก่า สปร
บนชั้น
  ขอยืม
4. วิทยาศาสตร์การแพทย์ และสุขภาพ
วิทยาศาสตร์การแพทย์ และสุขภาพ
WO100 ศ338ว ฉ.4 
  Barcode: 037794
ห้องสมุดวิทยาเขตสวรรค์ประชารักษ์
►ส่วนจัดเก็บหนังสือเก่า สปร
บนชั้น
  ขอยืม
5. วิทยาศาสตร์การแพทย์ และสุขภาพ
วิทยาศาสตร์การแพทย์ และสุขภาพ
WO100 ศ338ว ฉ.5 
  Barcode: 037795
ห้องสมุดวิทยาเขตสวรรค์ประชารักษ์
►ส่วนจัดเก็บหนังสือเก่า สปร
บนชั้น
  ขอยืม
6. วิทยาศาสตร์การแพทย์ และสุขภาพ
วิทยาศาสตร์การแพทย์ และสุขภาพ
WO100 ศ338ว ฉ.6 
  Barcode: 037796
ห้องสมุดวิทยาเขตสวรรค์ประชารักษ์
►ส่วนจัดเก็บหนังสือเก่า สปร
บนชั้น
  ขอยืม
7. วิทยาศาสตร์การแพทย์ และสุขภาพ
วิทยาศาสตร์การแพทย์ และสุขภาพ
WO100 ศ338ว ฉ.7 
  Barcode: 037797
ห้องสมุดวิทยาเขตสวรรค์ประชารักษ์
►ส่วนจัดเก็บหนังสือเก่า สปร
บนชั้น
  ขอยืม

รายการใกล้เคียง
    หัวเรื่อง [ศัลยศาสตร์]

BibComment


ยังไม่เคยถูกคอมเมนท์

คอมเมนท์ทรัพยากรรายการนี้
  คอมเมนท์: ศัลยศาสตร์วิวัฒน..


 Copyright 2026. Bcnsprnw @Library